000 01004nam a22002417i 4500
999 _c22800
_d22800
003 AR-CdUCM
008 240315b20232023pe ||||| |||| 00| 0 spa d
040 _aMUNICIPALIDAD PROVINCIAL DEL CUSCO
_cBIBLIOTECA MUNICIPAL DEL CUSCO
041 _hspa
082 _a343.2 / B37
_bB37
100 _aBéjar Quispe, José
_96070
245 _aLas Miserias de la Constitución Neoliberal de 1993 /
260 _aCusco :
_c2023
300 _a130 páginas. :
_c21 cm.
500 _zBibliografía: páginas 123-129
505 _aEl régimen cívico-militar que impuso la constitución de 1993 -- El tenebroso neoliberalismo como ideología -- La deformación de las instituciones -- El fundamentalismo de mercado -- El estado subsidiario -- La necesidad de su reforma.
650 _aLa constitución del 93
_949495
650 _aNeoliberalismo
_949496
650 _aReforma de las instituciones
_949497
650 _aPolitizado Tribunal Constitucional
_949498
942 _2ddc
_cLIBROS
945 _apbj
_d2023